RICS awards 2011 (Record no. 121890)
[ view plain ]
| 000 -LEADER | |
|---|---|
| fixed length control field | 00912cam a22002055a 4500 |
| 008 - FIXED-LENGTH DATA ELEMENTS--GENERAL INFORMATION | |
| fixed length control field | 240403s2011 xxka 000 0 eng u |
| 041 0# - LANGUAGE CODE | |
| Language code of text/sound track or separate title | eng |
| 110 2# - MAIN ENTRY--CORPORATE NAME | |
| Corporate name or jurisdiction name as entry element | Royal Institution of Chartered Surveyors |
| 9 (RLIN) | 4900 |
| 245 00 - TITLE STATEMENT | |
| Title | RICS awards 2011 |
| Remainder of title | the grand final |
| 260 ## - PUBLICATION, DISTRIBUTION, ETC. | |
| Place of publication, distribution, etc. | London |
| Name of publisher, distributor, etc. | RICS |
| Date of publication, distribution, etc. | 2011 |
| 300 ## - PHYSICAL DESCRIPTION | |
| Extent | 35p. |
| Other physical details | col. ill. |
| Dimensions | 23cm. |
| 440 ## - SERIES STATEMENT/ADDED ENTRY--TITLE | |
| Title | RICS Awards |
| 505 2# - FORMATTED CONTENTS NOTE | |
| Formatted contents note | Regional awards -- Grand final awards 2009 -- Building conservation -- Community benefit -- Regeneration -- Sustainability -- Project of the year |
| 520 ## - SUMMARY, ETC. | |
| Summary, etc. | Profiles the winners of the RICS Awards 2010, including Blencow Hall; Scala Cinema and Arts Centre, Prestatyn; Stonebridge Estate Regeneration, Harlesden; New Library, Queen's University, Belfast. The Project of the Year was the Roundhouse Campus for Derby College. |
| 521 ## - TARGET AUDIENCE NOTE | |
| Target audience note | Introductory |
| 590 ## - LOCAL NOTE (RLIN) | |
| Local note | KA |
| 651 #4 - SUBJECT ADDED ENTRY--GEOGRAPHIC NAME | |
| Geographic name | International |
| 690 ## - LOCAL SUBJECT ADDED ENTRY--TOPICAL TERM (OCLC, RLIN) | |
| Topical term or geographic name as entry element | RICS |
| 9 (RLIN) | 6277 |
| 942 ## - ADDED ENTRY ELEMENTS (KOHA) | |
| Suppress in OPAC | 0 |
| Withdrawn status | Lost status | Damaged status | Not for loan | Home library | Current library | Shelving location | Date acquired | Total Checkouts | Full call number | Date last seen | Price effective from | Koha item type |
|---|---|---|---|---|---|---|---|---|---|---|---|---|
| London | Archives | RICS Boxes | 03/04/2024 | RICS 2011/73 | 03/04/2024 | 03/04/2024 | Book |